| 000 | 00420nam a2200181Ia 4500 | ||
|---|---|---|---|
| 008 | 230725s1995 xx 000 0 und d | ||
| 041 | _aeng | ||
| 082 |
_a615.4 _bNAN |
||
| 100 | _aNAND KHAR | ||
| 245 | _aPHARMACEUTICAL DISPENSING | ||
| 260 |
_aDELHI _bC.B.S. PUBLISHERS & DISTRUTORS _c1995 |
||
| 300 | _a200 | ||
| 365 | _h15 | ||
| 500 | _aTEXT BOOK | ||
| 501 | _aPH | ||
| 520 | _aPB | ||
| 650 | _aPHARMACEUTICS | ||
| 999 |
_c767132 _d767132 |
||